[Event "FRA-chT U20 1112"]
[Site "France"]
[Date "2011.12.19"]
[Round "7.8"]
[White "Bouzidi, Elyas"]
[Black "Tregubov, Maxime"]
[Result "1/2-1/2"]
[WhiteElo "1290"]
[BlackElo "1009"]
[PlyCount "80"]
[EventDate "2011.12.03"]
[EventType "team-swiss"]
[EventRounds "7"]
[EventCountry "FRA"]
[SourceTitle "EXT 2013"]
[Source "ChessBase"]
[SourceDate "2012.11.22"]
[SourceVersion "1"]
[SourceVersionDate "2012.11.22"]
[SourceQuality "1"]

1. e4 c5 2. Nf3 d6 3. d4 cxd4 4. Nxd4 Nf6 5. Nc3 e5 6. Nf3 Nc6 7. Bg5 h6 8. Bh4 Be7 9. Bb5 Bd7 10. 0-0 0-0 11. Re1 a6 12. Bxc6 Bxc6 13. Bxf6 Bxf6 14. Nd5 Rc8 15. Nxf6+ Qxf6 16. Qd2 Rfd8 17. Rac1 d5 18. exd5 Rxd5 19. Qc3 Bd7 20. Qe3 Re8 21. c4 Ra5 22. Qc3 Rxa2 23. Nxe5 Bc6 24. Nxc6 Rxe1+ 25. Rxe1 Qxc6 26. Qc2 Qa4 27. Qxa4 Rxa4 28. b3 Rb4 29. Rb1 Kf8 30. Kf1 Ke7 31. Ke2 Kd6 32. Kd3 b5 33. cxb5 Rxb5 34. Kc4 Kc6 35. Re1 Rc5+ 36. Kb4 Rb5+ 37. Kc4 Rc5+ 38. Kb4 Rb5+ 39. Kc4 Rc5+ 40. Kb4 Rb5+ 1/2-1/2

[Event "FRA-chT U20 1112"]
[Site "France"]
[Date "2011.12.18"]
[Round "5.8"]
[White "Navrotescu, Vlad Andrei"]
[Black "Tregubov, Maxime"]
[Result "1-0"]
[WhiteElo "1296"]
[BlackElo "1009"]
[PlyCount "97"]
[EventDate "2011.12.03"]
[EventType "team-swiss"]
[EventRounds "7"]
[EventCountry "FRA"]
[SourceTitle "EXT 2013"]
[Source "ChessBase"]
[SourceDate "2012.11.22"]
[SourceVersion "1"]
[SourceVersionDate "2012.11.22"]
[SourceQuality "1"]

1. d4 Nf6 2. c4 e6 3. Nc3 Bb4 4. Qc2 0-0 5. a3 Bxc3+ 6. Qxc3 Nc6 7. Bg5 h6 8. Bh4 d5 9. e3 Re8 10. Nf3 Qe7 11. Bd3 Bd7 12. 0-0 dxc4 13. Bxc4 e5 14. Rfd1 exd4 15. exd4 Ne4 16. Bxe7 Nxc3 17. bxc3 Rxe7 18. Rab1 Na5 19. Ba2 Re2 20. Rd2 Rxd2 21. Nxd2 Re8 22. f3 Re2 23. Rb2 Be6 24. d5 Bf5 25. Kf1 Re3 26. Rb5 Bd3+ 27. Kf2 Bxb5 28. Kxe3 Kf8 29. Kd4 Ke7 30. Kc5 c6 31. c4 Ba6 32. d6+ Kd7 33. Kb4 b6 34. Ne4 f5 35. Ng3 g6 36. c5 h5 37. Bf7 h4 38. Bxg6 hxg3 39. Bxf5+ Kd8 40. hxg3 Nb7 41. g4 bxc5+ 42. Kc3 Nxd6 43. Bh7 Nf7 44. f4 Ke8 45. g5 Nxg5 46. fxg5 Kf8 47. Be4 Bf1 48. Bxc6 Bxg2 49. Bxg2 1-0

[Event "FRA-chT U20 1112"]
[Site "France"]
[Date "2011.12.17"]
[Round "5.7"]
[White "Le Cour, Valentin"]
[Black "Tregubov, Maxime"]
[Result "0-1"]
[WhiteElo "1266"]
[BlackElo "1009"]
[PlyCount "138"]
[EventDate "2011.12.03"]
[EventType "team-swiss"]
[EventRounds "7"]
[EventCountry "FRA"]
[SourceTitle "EXT 2013"]
[Source "ChessBase"]
[SourceDate "2012.11.22"]
[SourceVersion "1"]
[SourceVersionDate "2012.11.22"]
[SourceQuality "1"]

1. d4 Nf6 2. c4 e6 3. Nc3 Bb4 4. Bd2 0-0 5. a3 Bxc3 6. Bxc3 b6 7. Nf3 Bb7 8. e3 d5 9. cxd5 exd5 10. Bd3 Ne4 11. Bxe4 dxe4 12. Ne5 f6 13. Qb3+ Bd5 14. Nc6 Bxb3 15. Nxd8 Rxd8 16. 0-0 Bc4 17. Rfd1 Nc6 18. f4 exf3 19. gxf3 Be2 20. Rd2 Bxf3 21. Rf1 Bg4 22. Re1 Re8 23. e4 Rad8 24. d5 Ne5 25. Bxe5 fxe5 26. Rg2 Bh5 27. Re3 c6 28. dxc6 Rd1+ 29. Kf2 Rd2+ 30. Kg3 Rxg2+ 31. Kxg2 Kf8 32. b4 Ke7 33. Rd3 Rc8 34. Rd7+ Ke8 35. Rxg7 Rxc6 36. Rxh7 Bf7 37. Rh8+ Ke7 38. Ra8 Rc2+ 39. Kh1 Rc1+ 40. Kg2 Rc2+ 41. Kh1 Rc7 42. h4 Rc4 43. Rxa7+ Kf6 44. Ra6 Rxe4 45. Rxb6+ Kg7 46. a4 Re1+ 47. Kg2 Bd5+ 48. Kg3 e4 49. a5 e3 50. a6 Rg1+ 51. Kh2 Ra1 52. Rb7+ Bxb7 53. axb7 Ra2+ 54. Kg3 e2 55. b8Q e1Q+ 56. Kg4 Rg2+ 57. Kf3 Qf2+ 58. Ke4 Rg4+ 59. Kd5 Qd4+ 60. Kc6 Rg6+ 61. Kc7 Qd6+ 62. Kb7 Qxb8+ 63. Kxb8 Rd6 64. b5 Kf7 65. b6 Rxb6+ 66. Kc7 Re6 67. Kb7 Rd6 68. Kc7 Ke7 69. h5 Rh6 0-1

[Event "FRA-chT U20 1112"]
[Site "France"]
[Date "2011.12.03"]
[Round "1"]
[White "Gatineau, Yovann"]
[Black "Tregubov, Maxime"]
[Result "1-0"]
[WhiteElo "1620"]
[BlackElo "1009"]
[PlyCount "41"]
[EventDate "2011.12.03"]
[EventType "team-swiss"]
[EventRounds "7"]
[EventCountry "FRA"]
[SourceTitle "EXT 2013"]
[Source "ChessBase"]
[SourceDate "2012.11.22"]
[SourceVersion "1"]
[SourceVersionDate "2012.11.22"]
[SourceQuality "1"]

1. e4 c5 2. Nf3 d6 3. d4 cxd4 4. Nxd4 e5 5. Bb5+ Bd7 6. Bxd7+ Nxd7 7. Nf5 g6 8. Nxd6+ Bxd6 9. Qxd6 Ngf6 10. Nc3 Rc8 11. Qd3 0-0 12. 0-0 Nc5 13. Qxd8 Rfxd8 14. Bg5 Rd6 15. Bxf6 Rxf6 16. Nd5 Rfc6 17. Ne7+ Kg7 18. Nxc8 Rxc8 19. f3 Na6 20. a3 Nc5 21. b3 1-0